| 000 | 00951nam a2200229 a 4500 | ||
|---|---|---|---|
| 001 | 38954 | ||
| 003 | BD-RjUL | ||
| 005 | 20211209052905.0 | ||
| 008 | 160324s2007 bg |||er|||| 000 1 ben d | ||
| 020 |
_a9840745743: _cTK.100.00 |
||
| 035 | _a(BD-RjUL)39064 | ||
| 040 |
_aBD-RjUL _bben _cBD-RjUL |
||
| 041 | _aben | ||
| 082 |
_223 _a891.4409 _bMAB 2007 |
||
| 100 |
_aমান্নান, সরকার আবদুল _9120270 |
||
| 245 | 1 | 0 |
_aবাংলা কথাসাহিত্য : _bআধুনিকতার কুশীলব / _cসরকার আবদুল মান্নান |
| 260 |
_aঢাকা : _bবাংলা একাডেমী, _c২০০৭ |
||
| 300 |
_a [১৩] ১৮৭ পৃ. ; _c২১ সে.মি. |
||
| 650 |
_aবাংলা সাহিত্য _vইতিহাস ও সমালোচনা _9116625 |
||
| 650 |
_aBengali Literature _9116655 _xHistory and Criticism |
||
| 942 |
_2ddc _cBK |
||
| 999 |
_c38954 _d38954 |
||